[Event "IRI-ch U14"]
[Site "Chess.com INT"]
[Date "2021.01.16"]
[Round "3"]
[White "Ahankoub, Arta"]
[Black "Alizadegan, Korosh"]
[Result "0-1"]
[WhiteElo "1423"]
[BlackElo "1721"]
[PlyCount "154"]
[EventDate "2021.01.16"]
[EventType "swiss"]
[EventRounds "11"]
[EventCountry "IRI"]
[SourceTitle "EXT 2022"]
[Source "ChessBase"]
[SourceDate "2021.10.06"]
[SourceVersion "1"]
[SourceVersionDate "2021.10.06"]
[SourceQuality "1"]

1. Nf3 Nf6 2. c4 g6 3. g3 Bg7 4. Bg2 0-0 5. Nc3 d5 6. 0-0 c5 7. cxd5 Nxd5 8. Qb3 Nb6 9. Na4 Nc6 10. Nxc5 Qc7 11. Na4 Bg4 12. d3 Bxf3 13. Bxf3 Nd4 14. Qd1 Nc2 15. Nxb6 axb6 16. Rb1 Rxa2 17. Bd2 Rxb2 18. Rxb2 Bxb2 19. Qb1 Ba3 20. Bc1 Rc8 21. Bxa3 Nxa3 22. Qb2 Qc5 23. Ra1 Nb5 24. Rb1 Nd4 25. Qxb6 Nxf3+ 26. exf3 Qxb6 27. Rxb6 Rc7 28. Kf1 f6 29. Re6 Kf7 30. Rb6 f5 31. Ke2 e6 32. Ke3 Ke7 33. Kd4 Rd7+ 34. Kc3 Rc7+ 35. Kd4 Rd7+ 36. Ke5 Rd5+ 37. Kf4 Kf6 38. Ke3 Rd7 39. h4 h6 40. g4 g5 41. gxf5 Kxf5 42. hxg5 hxg5 43. Rb5+ e5 44. Rb6 Re7 45. Rb5 Ke6 46. Ke4 Kd6 47. Rb6+ Kc5 48. Rg6 b5 49. Rxg5 b4 50. Rg1 b3 51. Ke3 Kb4 52. Kd2 Rc7 53. Rg4+ Ka3 54. Rg6 b2 55. Ra6+ Kb3 56. Rb6+ Ka2 57. Ra6+ Kb1 58. Ke3 Kc1 59. Rb6 b1Q 60. Rxb1+ Kxb1 61. f4 exf4+ 62. Kxf4 Kc2 63. Ke4 Re7+ 64. Kf5 Kxd3 65. f4 Ke3 66. Kf6 Ra7 67. f5 Kf4 68. Ke6 Ra6+ 69. Kd7 Kxf5 70. Kc7 Ke5 71. Kb7 Rg6 72. Kc7 Kd5 73. Kd8 Rg7 74. Ke8 Kd6 75. Kf8 Ra7 76. Ke8 Rb7 77. Kd8 Rb8# 0-1

[Event "IRI-ch U14"]
[Site "Chess.com INT"]
[Date "2021.01.16"]
[Round "5"]
[White "Alizadegan, Korosh"]
[Black "Teimouri Yadkuri, Shahdad"]
[Result "0-1"]
[WhiteElo "1721"]
[BlackElo "1885"]
[PlyCount "114"]
[EventDate "2021.01.16"]
[EventType "swiss"]
[EventRounds "11"]
[EventCountry "IRI"]
[SourceTitle "EXT 2022"]
[Source "ChessBase"]
[SourceDate "2021.10.06"]
[SourceVersion "1"]
[SourceVersionDate "2021.10.06"]
[SourceQuality "1"]

1. c4 c5 2. Nc3 Nf6 3. Nf3 Nc6 4. e4 d6 5. d4 cxd4 6. Nxd4 a6 7. Be2 g6 8. Be3 Bg7 9. f3 0-0 10. 0-0 Qc7 11. Rc1 Bd7 12. Nd5 Qd8 13. Qd2 Rc8 14. Rfd1 Nxd5 15. cxd5 Nxd4 16. Bxd4 Bxd4+ 17. Qxd4 Qa5 18. Bc4 Qc5 19. Qxc5 Rxc5 20. Bd3 Rfc8 21. Rxc5 Rxc5 22. Rd2 Ba4 23. b3 Bb5 24. Bxb5 axb5 25. Kf2 b4 26. Kg3 Kg7 27. Rd4 Rb5 28. f4 Kf6 29. Rc4 h6 30. Kf3 e6 31. Rd4 e5 32. Rc4 exf4 33. Kxf4 g5+ 34. Ke3 Ke5 35. Rc7 Kf6 36. Rc4 h5 37. h3 Ra5 38. Rxb4 Rxa2 39. Rxb7 Rxg2 40. Kf3 Rh2 41. Kg3 Rb2 42. b4 h4+ 43. Kf3 Rb3+ 44. Kg2 Rb2+ 45. Kf3 Rh2 46. Rb6 Rxh3+ 47. Kg4 Rg3+ 48. Kh5 Ke5 49. Ra6 h3 50. Ra1 h2 51. Rh1 g4 52. Kh4 Rg2 53. b5 g3 54. b6 Rg1 55. b7 g2 56. Rxh2 Rh1 57. Kg3 g1Q+ 0-1